Las infecciones en pediatría. (Registro nro. 349)
[ vista simple ]
| 000 -LEADER | |
|---|---|
| fixed length control field | 00758 am a2200241 a 4500 |
| 005 - FECHA ULTIMA MODIFICACION | |
| control field | 20240527114818.0 |
| 008 - CAMPO DE CONTROL (LIBRO) | |
| fixed length control field | 100607n200?||||ag d f |||| 000 0 spa d |
| 020 ## - INTERNATIONAL STANDARD BOOK NUMBER | |
| ISBN | S/N |
| 041 ## - CODIGO DE IDIOMA | |
| Código de idioma del texto/pista de sonido o título separado | spa |
| 092 ## - SIGNATURA TOPOGRAFICA DEWEY LOCAL | |
| número de clasificación | 618.92 |
| libristica | 65 |
| sección | PAG |
| 100 1# - ENTRADA PRINCIPAL--NOMBRE PERSONAL | |
| Nombre personal | Paganini, Hugo R. |
| 9 (RLIN) | 627 |
| 245 #4 - TITULO PROPIAMENTE DICHO | |
| Título | Las infecciones en pediatría. |
| Subtítulo y Título paralelo | Diagnóstico y terapéutica / |
| Mención de responsabilidad y remanente de la transcripción de la portada | Hugo R. Paganini. |
| 250 ## - MENCION DE EDICION | |
| Mención de edición | 1a ed. |
| 260 ## - PIE DE IMPRENTA | |
| Lugar de publicación, distribución, etc | Buenos Aires: |
| Nombre de la editorial, distribuidor, etc | S/N; |
| Fecha de publicación | 2000?. |
| 300 ## - DESCRIPCION FISICA | |
| Extension | 212 p. |
| 500 ## - NOTA GENERAL | |
| Nota general | Paganini, H. R. (2000?). Las infecciones en pediatría. Diagnóstico y terapéutica. (1a ed.). Buenos Aires : S/N. |
| 590 ## - NOTAS LOCALES (RLIN) | |
| Nota local | Donación Dr. Paganini, Junio 2010 |
| 653 ## - TÉRMINO INDIZADO - PALABRAS CLAVES | |
| Palabra clave | Pediatría |
| 653 ## - TÉRMINO INDIZADO - PALABRAS CLAVES | |
| Palabra clave | Diagnostico y terapéutica |
| 653 ## - TÉRMINO INDIZADO - PALABRAS CLAVES | |
| Palabra clave | Infecciones |
| 930 ## - NUMERO DE INVENTARIO | |
| Número de inventario | 2133 |
| 942 ## - ADDED ENTRY ELEMENTS (KOHA) | |
| Source of classification or shelving scheme | Dewey Decimal Classification |
| Item type | Libros |
| Estado de retiro | Existencia | Estado general | No para prestamo | Ubicación permanente | ubicación actual | Sala de ubicación | Fecha de adquisición | Total Checkouts | Número de clasificación | Código de barras | Date last seen | Número de ejemplar | Price effective from | Koha tipo de elemento (item) |
|---|---|---|---|---|---|---|---|---|---|---|---|---|---|---|
| Biblioteca Medicina | Biblioteca Medicina | Circulación | 13/05/2011 | 618.92 65 PAG | 2133 | 06/11/2014 | ej.1 | 13/05/2011 | Libros |